| 000 | 01144nam a2200253Ia 4500 | ||
|---|---|---|---|
| 003 | OSt | ||
| 005 | 20210527112651.0 | ||
| 008 | 210310s1965 ag fr 001 0 spa d | ||
| 040 |
_aCO-JMCR _cCO-JMCR |
||
| 041 | 0 | _aspa | |
| 082 | 0 | 4 |
_a332.742 / _bL112c _223 |
| 100 | 1 |
_aLabanca, Jorge, _915768 _eautor |
|
| 245 | 1 | 3 |
_aEl crédito documentado : _bestudio jurídico y económico / _cJorge Labanca, Julio César Noacco, Alejandro Vera Barro ; prologado por el Dr. Carlos C. Malagarriga |
| 260 |
_aBuenos Aires : _bEdiciones Depalma, _c1965 |
||
| 300 |
_axv, 444 páginas ; _c23 cm. |
||
| 500 | _aIncluye notas a pie de página e índice alfabético de materias. | ||
| 505 | 0 | _aLos problemas de la economía internacional -- Desarrollo y técnica de la operación -- Los temas preliminares -- Las fuentes -- Las relaciones, estudio analítico --Síntesis, El negocio complejo | |
| 650 | 1 | 4 |
_aDerecho financiero _915770 |
| 650 | 2 | 4 |
_aCartas de crédito _937950 |
| 700 | 1 |
_aNoacco, Julio César, _eautor _937951 |
|
| 700 | 1 |
_aVera Barro, Alejandro, _eautor _937952 |
|
| 700 | 1 |
_aMalagarriga, Carlos C., _eprologuista _937953 |
|
| 942 |
_2ddc _cBK |
||
| 999 |
_c7901 _d7901 |
||